000 00808nac a22002897a 4500
001 BR2011007911
003 BR-BrBNA
005 20240105123934.0
008 230509b bl.|||m| |||| 00| 0 por d
040 _aBR-BrBNA
_bpor
_cBiblioteca Nacional de Agricultura
072 _aF30; E50
090 _a2322 BR2011007911
110 1 _aEMBRAPA Hortaliças, Brasília, DF (Brasil)
245 1 _aPimenta mari
260 3 _aBrasília, DF (Brasil):
_c2009.
300 _a8 p.
490 _aHortinforme - EMBRAPA Hortaliças (Brazil)
_vno. 19
_x
500 _a12 illus.
650 _aPIMENTA
650 _aPIMENTÃO
650 _aVARIEDADE RESISTENTE
650 _aLAVOURA
650 _aAGRICULTOR
650 _aCULINÁRIA
909 _a202312
_bLúcia Elande
_c55
_dLúcia Elande
942 _2AGRIS
_n0
_cMS
999 _c297636
_d297636